Địa lí 10 nâng cao
Bewaard in:
| Formaat: | Boek |
|---|---|
| Taal: | Undetermined |
| Gepubliceerd in: |
Hà Nội
Giáo Dục
2006
|
| Onderwerpen: | |
| Tags: |
Voeg label toe
Geen labels, Wees de eerste die dit record labelt!
|
| Thư viện lưu trữ: | Trung tâm Học liệu Trường Đại học Cần Thơ |
|---|
| LEADER | 00562nam a2200193Ia 4500 | ||
|---|---|---|---|
| 001 | CTU_106767 | ||
| 008 | 210402s9999 xx 000 0 und d | ||
| 020 | |c 12000 | ||
| 082 | |a 910.712 | ||
| 082 | |b Đ301/L10 | ||
| 245 | 0 | |a Địa lí 10 nâng cao | |
| 245 | 0 | |c Lê Thông ... [et al.] | |
| 260 | |a Hà Nội | ||
| 260 | |b Giáo Dục | ||
| 260 | |c 2006 | ||
| 650 | |a Geography | ||
| 650 | |x Study and teaching | ||
| 904 | |i Tuyến (Tuyến sửa số pl 910.0712 thành 910.712) | ||
| 980 | |a Trung tâm Học liệu Trường Đại học Cần Thơ | ||